Wars involving Serbia - Statistics

General Stats
  • This quiz has been taken 6 times
  • The average score is 6 of 80
Answer Stats
Year Serbia and Allies Opponents Result War % Correct
1914-1918 Kingdom of SerbiaKingdom of Montenegro Russian Empire France British Empire Kingdom of Italy Kingdom of Greece Kingdom of Romania Portugal Empire of Japan United States German EmpireAustria-Hungary Ottoman Empire Tsardom of Bulgaria Victory World War I
100%
1941-1945 Yugoslav PartisansSoviet Union British Empire United States LANÇ Nazi GermanyKingdom of Italy Kingdom of Hungary Tsardom of Bulgaria Independent State of Croatia German Serbia German Montenegro Albania Government of National Unity Chetniks Victory World War II
100%
1912-1913 Tsardom of BulgariaKingdom of Greece Kingdom of Serbia Kingdom of Montenegro Italian Redshirts Russian Empire Ottoman EmpireCircassian volunteers Albanian volunteers Albanian irregulars Victory First Balkan War
60%
1913 Kingdom of SerbiaKingdom of Romania Kingdom of Greece Kingdom of Montenegro Ottoman Empire Tsardom of Bulgaria Victory Second Balkan War
60%
1992-1995 Republika SrpskaSerbian Krajina SFR Yugoslavia Western Bosnia FR Yugoslavia Bosnia and HerzegovinaHerzeg-Bosnia Croatia NATO Stalemate Bosnian War
40%
1389 Moravian SerbiaDistrict of Branković Kingdom of Bosnia Principality of Muzaka Jonima family Ottoman EmpireBeylik of Isfendiyar Inconclusive Battle of Kosovo
20%
917-924 Principality of SerbiaByzantine Empire First Bulgarian Empire Defeat Bulgarian-Serbian wars of 917-924
20%
1341-1347 John V PalaiologosAnna of Savoy John XIV Kalekas Alexios Apokaukos Zealots of Thessalonica Kingdom of Serbia Second Bulgarian Empire Principality of Karvuna John VI KantakouzenosBeylik of Aydin Ottoman Beylik Beylik of Saruhan Principality of Albania Principality of Muzaka Defeat Byzantine Civil War
20%
1090-1095 Grand Principality of Serbia Byzantine EmpireTheme of Dyrrhachion Victory Byzantine-Serbian War
20%
1396 Ottoman EmpireMoravian Serbia Kingdom of HungaryHoly Roman Empire Kingdom of France Duchy of Burgundy Kingdom of Croatia Principality of Wallachia Knights Hospitaller Republic of Venice Republic of Genoa Second Bulgarian Empire Teutonic Knights Byzantine Empire County of Cilli District of Branković Victory Crusade of Nicopolis
20%
1683-1699 Holy Roman EmpireSerbian Militia Kingdom of Hungary Republic of Venice Montenegro Ottoman EmpireCrimean Khanate Kuruc Victory Great Turkish War
20%
1237 Grand Principality of SerbiaBanate of Bosnia Republic of Ragusa Kingdom of HungaryGolden Horde Chagatai Khanate Victory Hungarian invasion of Serbia
20%
1998-1999 FR Yugoslavia Kosovo Liberation ArmyFARK NATO Agreement Kosovo War
20%
1684-1699 Republic of VeniceHajduks Morlachs Papal States Duchy of Savoy Order of Saint Stephen Knights of Malta Greek revolutionaries Maniots Holy Roman Empire Croatian Military Frontier Slavonian Military Frontier Montenegro Ottoman EmpireEyalet of Bosnia Eyalet of Egypt Eyalet of Tripoli Eyalet of Tunis Eyalet of Algiers Maniots Victory Morean War
20%
1352 John V PalaiologosSerbian Empire Second Bulgarian Empire John VI KantakouzenosOttoman Beylik Defeat Serbian-Ottoman War
20%
1921 Kingdom of YugoslaviaKingdom of Greece Republic of Mirdita Principality of Albania Inconclusive Albanian-Yugoslav Border War
0%
1918-1919 Kingdom of Serbs, Croats and Slovenes German-AustriaCarinthia Victory Austro-Slovene conflict in Carinthia
0%
1176 Byzantine EmpireKingdom of Hungary Principality of Antioch Grand Principality of Serbia Sultanate of Rum Defeat Battle of Myriokephalon
0%
1604-1606 LoyalistsKingdom of Croatia Holy Roman Empire Crown of Bohemia Archduke of Austria Spanish Empire Zaporozhian Host Serbian mercenaries Wallonian mercenaries Italian mercenaries German mercenaries Romanian mercenaries RevolutionariesPrincipality of Transylvania Moldavia Hungarian mercenaries Slovak mercenaries Rusyn mercenaries Polish mercenaries Székely mercenaries Ottoman Empire Crimean Khanate Peace treaty Bocskai's War of Independence
0%
1127-1129 Kingdom of HungaryGrand Principality of Serbia Byzantine Empire Defeat Byzantine-Hungarian War
0%
1040-1189 NormansKingdom of Sicily Apulia and Calabria County of Sicily Duchy of Naples Lombard duchies Papal States Duchy of Benevento Principality of Antioch Duklja Rascia Kingdom of Croatia Byzantine Empire Republic of VeniceHoly Roman Empire Indecisive Byzantine-Norman Wars
0%
1919 Montenegrin WhitesKingdom of Serbs, Croats and Slovenes Montenegrin GreensKingdom of Italy Victory Christmas Uprising
0%
866-871 Frankish EmpirePrincipality of Benevento Principality of Salerno Principality of Capua Duchy of Croatia Byzantine Empire Kanalites Principality of Serbia Travunia Zachlumia Emirate of BariAghlabid Dynasty Emirate of Taranto Victory Conquest of Bari
0%
1645-1669 Republic of VeniceHadjuks Papal States Kingdom of France Knights of Malta Greek revolutionaries Maniots Ottoman EmpireEyalet of Tripoli Eyalet of Tunis Eyalet of Algiers Defeat Cretan War
0%
1991-1995 SFR YugoslaviaSAO Krajina SAO Eastern Slavonia, Baranja and Western Syrmia SAO Western Slavonia Serbian Krajina Republika Srpska CroatiaBosnia and Herzegovina Defeat Croatian War of Independence
0%
1425-1459 Serbian DespotateKingdom of Hungary Kingdom of Poland Kingdom of Croatia Taborite mercenaries Grand Duchy of Lithuania Kingdom of Bosnia Wallachia Papal States Bulgarian rebels Teutonic Knights Duchy of Burgundy Republic of Ragusa Republic of Venice League of Lezhë Holy Roman Empire Kingdom of Bohemia Ottoman EmpireWallachia
Crimean Khanate Republic of Venice
Principality of Moldavia Principality of Kastrioti Hunyadi's army
Defeat Despotate-Ottoman Wars
0%
1919-1924 Kingdom of Serbs, Croats and Slovenes Kosovar AlbaniansCommittee for the National Defence of Kosovo Principality of Albania Victory Drenica-Dukagjin Uprisings
0%
1200-1203 Grand Principality of SerbiaSecond Bulgarian Empire Kingdom of HungaryValkan's Clique Papal States Defeat Emeric's Balkan campaign
0%
1257-1259 Despotate of EpirusKingdom of Serbia Empire of Nicaea Defeat Epirote-Nicaean Conflict
0%
1716-1718 AustriaSerbian Militia Electorate of Bavaria Ottoman EmpireCrimean Khanate Victory First Austro-Turkish War
0%
839-842 Principality of Serbia First Bulgarian Empire Victory First Bulgarian-Serbian War
0%
1806-1812 Russian EmpireMoldavia Wallachia Revolutionary Serbia Prince-Bishopric of Montenegro Ottoman Empire Victory First Russo-Turkish War
0%
1876-1877 Principality of SerbiaPrincipality of Montenegro Russian volunteers Bulgarian volunteers Ottoman EmpireKhedivate of Egypt Indecisive First Serbian-Ottoman War
0%
1804-1813 Revolutionary SerbiaRussian Empire DahijasOttoman Empire Eyalet of Bosnia Pashalik of Scutari Pashalik of Yanina First French Empire Defeat First Serbian Uprising
0%
927 Principality of SerbiaByzantine Empire First Bulgarian Empire Victory First Serb Uprising
0%
1821-1829 Greek revolutionariesFiliki Eteria Serbian revolutionaries Montenegrin revolutionaries First Hellenic Republic Serbian Philhellens Russian Empire Kingdom of France British Empire Ottoman EmpireEyalet of Egypt Eyalet of Tripoli Eyalet of Tunis Eyalet of Algiers Danubian Sich Victory Greek War of Independence
0%
1814 Serb rebels Ottoman Empire Defeat Hadži-Prodan's rebellion
0%
1875-1877 Serb rebelsPrincipality of Serbia Principality of Montenegro Ottoman Empire Defeat Herzegovina Uprising
0%
1918 States of Serbs, Croats and Slovenes Kingdom of Italy Defeat Impresa di Pola
0%
1999-2001 FR YugoslaviaKFOR UÇPMB Victory Insurgency in the Preševo Valley
0%
1941 Kingdom of Yugoslavia Nazi GermanyKingdom of Italy Kingdom of Hungary Tsardom of Bulgaria Defeat Invasion of Yugoslavia
0%
1526-1527 Serbian Empire of Jovan Nenad Hungarian Kingdom of House SzapolyaiOttoman Empire Mixed results Jovan Nenad's Uprising
0%
1920-1921 Kingdom of Serbs, Croats and Slovenes Principality of Albania Inconclusive Koplik War
0%
1901 Serbian ChetniksKingdom of Serbia VMROOttoman Empire Albanian Kachaks Inconclusive Macedonian Struggle
0%
950/960 Principality of Serbia Magyar tribes Inconclusive Magyar-Serb Conflict
0%
1242-1243 Second Bulgarian EmpireKingdom of Serbia Mongol Empire Defeat Mongol invasion of Bulgaria and Serbia
0%
1821 Serb rebels Ottoman Empire Defeat Niš Rebellion
0%
1913 Kingdom of SerbiaChetniks Kingdom of Greece IMROKachaks Victory Ohrid-Debar Uprising
0%
1402-1413 Mehmed's forcesSerbian Despotate Dulkadirids İsa's forcesSüleyman's forces Musa's forces Wallachia Victory Ottoman Interregnum
0%
1399-1402 Ottoman EmpireAnatolian beyliks Black Tatars Albanian principalities Moravian Serbia District of Branković Wallachia Mamluk Sultanate Kingdom of Georgia Knights Hospitaller Timurid EmpireAnatolian beyliks Aq Qoyunlu Germiyanids Defeat Ottoman-Timurid War
0%
1918-1920 CzechoslovakiaRomania Kingdom of Serbs, Croats and Slovenes Prekmurje Kingdom of Hungary France Hungarian RepublicHungarian Soviet Republic Slovak Soviet Republic Victory Revolutions and interventions in Hungary
0%
1737-1739 AustriaKingdom of Serbia Ottoman Empire Inconclusive Second Austro-Turkish War
0%
853 Principality of Serbia First Bulgarian Empire Victory Second Bulgarian-Serbian War
0%
1877-1878 Russian EmpireGuard of Finland Principality of Romania Principality of Serbia Principality of Montenegro Bulgarian Legion Serbian rebels Ottoman EmpireKhedivate of Egypt Polish volunteers Albanian volunteers Circassian volunteers Chechen rebels Abkhazian rebels Victory Second Russo-Turkish War
0%
1419-1423 ZetaSerbian Despotate Albanian nobility Dukagjini family Kastrioti family Humoj family Zaharia family Republic of Venice Inconclusive Second Scutari War
0%
1877-1878 Principality of SerbiaRussian Empire Ottoman EmpireAlbanian volunteers Victory Second Serbian-Ottoman War
0%
1815-1817 Serbian rebels Ottoman Empire Victory Second Serbian Uprising
0%
1042/1043 Duklja Byzantine Empire Victory Second Serb Uprising
0%
1318-1320 Kingdom of Serbia Kingdom of HungaryLordship of Durazzo Muzaka family Pope John XXII Partial victory Serbian-Anjou War
0%
1356-1359 Serbian Empire Empire of ThessalyLosha Clan Shpata family Despotate of Epir Turkish mercenaries Byzantine Empire Defeat Serbian Civil War
0%
1280s-1290s Kingdom of SerbiaKingdom of Syrmia Kingdom of Hungary Nogai HordeGolden Horde Victory Serbian conflict with the Nogai Horde
0%
1312/1313 Byzantine EmpireKingdom of Serbia Turcopoles Victory Serbian-Crusader Conflict
0%
1342-1345 Kingdom of Serbia Second Bulgarian Empire Principality of Karvuna John V Palaiologos John VI KantakouzenosTopia family Muzaka family Beylik of Aydin Ottoman Beylik Zealots of Thessalonica Victory Serbian invasion of Albania
0%
1912-1913 Kingdom of SerbiaKingdom of Montenegro Independent AlbaniaOttoman Empire Albanian guerrillas Albanian tribesmen Victory Serbian invasion of Albania
0%
1885 Kingdom of SerbiaAustria-Hungary Tsardom of Bulgaria Defeat Serbo-Bulgarian War
0%
1848-1849 Serbian VojvodinaSerb volunteers Austrian Empire Kingdom of Croatia Kingdom of HungaryHungarian State Various revolutionary minorities Victory Serb Uprising
0%
1596-1597 Hajduks Ottoman EmpireEyalet of Karadağ Defeat Serb uprising in Herzegovina
0%
1356-1373 Serbian EmpireMoravian Serbia District of Branković Banate of Bosnia Lordship of Zeta Kingdom of Hungary Garai family Republic of Ragusa Lordship of PrilepRealm of Altomanović Principality of Velbazhd Ottoman Empire Inconclusive The Feudal Wars
0%
1788-1791 Habsburg MonarchyKoča's frontier Russian Empire Black Sea Cossacks Montenegro Ottoman EmpireDanubian Sich Budjak Horde Nekrasov Cossacks Sheikh Mansur Movement Victory Third Austro-Turkish War
0%
1330 Kingdom of SerbiaAndronikos II Palaiologos Catalan Company Second Bulgarian EmpireWallachia Andronikos III Palaiologos Victory Third Bulgarian-Serbian War
0%
1914 Republic of Central AlbaniaKingdom of Serbia Kingdom of Italy Principality of Albania Victory Third Peasant Revolt in Albania
0%
1913 Kingdom of SerbiaChetniks IMROTsardom of Bulgaria Victory Tikveš Uprising
0%
1883 Kingdom of SerbiaRoyal Serbian Army People's Radical Party Victory Timok Rebellion
0%
1918-1920 Kingdom of Serbs, Croats and SlovenesUnited States Kingdom of Italy Italian nationalists renegadesItalian Regency of Carnaro Inconclusive Unrest in Split
0%
1804 Revolutionary Serbia Dahije Victory Uprising against the Dahije
0%
1594 Serb rebelsArchduchy of Austria Ottoman Empire Defeat Uprising in Banat
0%
1326-1329 Kingdom of Serbia Banate of BosniaRepublic of Ragusa Defeat War of Hum
0%
1714-1718 Republic of VeniceHadjuks Himariotes Holy Roman Empire Kingdom of Portugal Knights of Malta Papal States Ottoman EmpireEyalet of Tripoli Defeat War of Sinj
0%
1970s-1980s Red BrigadesFront Line October 22 Group PAC Continuous Struggle Workers' Power Workers' Autonomy RAF Sigurimi PLO KGB Stasi Mukhabarat el-Jamahiriya Yugoslavia New OrderNational Vanguard Black Order NAR Third Position Propaganda Due SISMI Magliana Gang CIA Cosa Nostra Italian Government Gladio Defeat Years of Lead
0%
1924 Ahmet Zogu supportersKingdom of Serbs, Croats and Slovenes Royal Yugoslav Army Russian White émigré Fan Noli supportersPrincipality of Albania Committee for the National Defence of Kosovo Victory Zogist counter-revolution in Albania
0%
No matching quizzes found
Score Distribution
Percent of People with Each Score
Percentile by Number Answered
Your Score History
You have not taken this quiz